1984 : L'any Macià / L'any Macià /
Descripción Física:
8 pàgs. ; il. col. ; 28 cm.
Colección:
Arrel : revista editada per la Diputació de Barcelona
; Núm. 9 (desembre, 1984) ; pàgs. 48-55
MARC
| LEADER | 00000nab a2200000 a 4500 | ||
|---|---|---|---|
| 001 | 8161 | ||
| 003 | Arxiu | ||
| 005 | 20260324175956.0 | ||
| 008 | 160829s9999 xx 000 0 cat d | ||
| 100 | |a Soler, Marc |9 42995 | ||
| 245 | |a 1984 : |b L'any Macià / |c Marc Soler | ||
| 260 | |a Barcelona : |b Diputació de Barcelona ; |c 1984 | ||
| 300 | |a 8 pàgs. ; |b il. col. ; |c 28 cm. | ||
| 490 | |a Arrel : revista editada per la Diputació de Barcelona ; |v Núm. 9 (desembre, 1984) ; pàgs. 48-55 |x 0211-562X | ||
| 600 | 0 | |9 5285 |a Macià, Francesc, |d 1859-1933 | |
| 650 | |a Macià, Francesc |x Documents i correspondència |9 42996 | ||
| 650 | 0 | |a Polítics |z Catalunya |x Anècdotes |9 54763 | |
| 650 | 0 | |a Homenatges |9 21383 | |
| 856 | 4 | |u https://media.diba.cat/diba/fitxers/arxiu/hemeroteca/arrel/8161/bib_8161_1984_1986_n01_a12_baixa.pdf |y bib_8161_1984_1986_baixa.pdf | |
| 856 | 4 | ||
| 900 | |a bib_8161_1984_1986_n01_a12_baixa.pdf | ||
| 901 | |a Arxiu | ||
| 942 | |n 1 |2 udc | ||
| 952 | |0 0 |1 0 |2 udc |4 0 |6 REV94 |7 1 |9 51126 |a Arxiu |b Arxiu |d 2016-12-01 |o Rev-94 |r 2016-12-01 00:00:00 |w 2016-12-01 |y ARXIU | ||
| 999 | |c 54969 |d 54969 | ||